| 000 | 01622nam a2200397 a 4500 | ||
|---|---|---|---|
| 999 |
_c4237 _d4237 |
||
| 003 | AKMAL | ||
| 005 | 20170525155713.0 | ||
| 008 | 170525s2006 my a j | 000 0 may d | ||
| 020 |
_a9679489043 (set) : _cRM480.00 |
||
| 020 |
_a9679489124 (kkrs.) : _cRM60.00 |
||
| 040 | _aAKMAL | ||
| 082 | 0 | 4 |
_a929.09595 MOH _222 |
| 090 | 0 | 0 |
_a929.09595 _bMOH |
| 100 | 0 |
_aMohd. Zahari Ishak _9518 |
|
| 245 | 1 | 0 |
_aDi sebalik simbol kenegaraan / _cMohd. Zahari Ishak |
| 260 |
_aMelaka : _bAssociated Educational Distributors (M), _c2006 |
||
| 300 |
_a44ms. : _bil. wrn. ; _c29cm. |
||
| 500 | _aMengandungi soalan | ||
| 599 | _aDALAM PROSES | ||
| 650 | 1 | 0 |
_aMalay language _vReaders _94686 |
| 942 |
_2ddc _cBOOK |
||